LEADER 01050nam0-2200349---450- 001 990009957030403321 005 20150422155906.0 010 $a978-88-204-9962-4 035 $a000995703 035 $aFED01000995703 035 $a(Aleph)000995703FED01 035 $a000995703 100 $a20150422d2014----km-y0itay50------ba 101 0 $aita 102 $aIT 105 $ay-------001yy 200 1 $aDiritto e cultura in Israele$fMenachem Mautner$gPostfazione e traduzione a cura di Daniela Bifulco e Fulvio Cortese 210 $aMilano$cFrancoAngeli$d2014 215 $a263 p.$d24 cm 225 1 $a<>società$h1$iSaggi 610 0 $aDiritto$aIsraele$aStato 676 $a349.5694$v22$zita 700 1$aMautner,$bMenachem$0474396 702 1$aBifulco,$bDaniela$f<1966- > 702 1$aCortese,$bFulvio 801 0$aIT$bUNINA$gREICAT$2UNIMARC 901 $aBK 912 $a990009957030403321 952 $aCollez. 1777 (157)$b144/2015$fFSPBC 959 $aFSPBC 996 $aDiritto e cultura in Israele$9822992 997 $aUNINA LEADER 03923 am 22007693u 450 001 996214903903316 005 20230125194753.0 010 $a2-8218-1702-9 010 $a1-906924-26-0 010 $a1-906924-24-4 035 $a(CKB)3680000000164599 035 $a(EBL)3384094 035 $a(SSID)ssj0000939994 035 $a(PQKBManifestationID)11596390 035 $a(PQKBTitleCode)TC0000939994 035 $a(PQKBWorkID)10939163 035 $a(PQKB)11726942 035 $a(Au-PeEL)EBL3384094 035 $a(CaPaEBR)ebr10715009 035 $a(OCoLC)923317904 035 $a(MiAaPQ)EBC3384094 035 $a(FrMaCLE)OB-obp-630 035 $a(oapen)https://directory.doabooks.org/handle/20.500.12854/34548 035 $a(PPN)182835693 035 $a(EXLCZ)993680000000164599 100 $a20130614d2010 uy 0 101 0 $aeng 135 $aurbn#---||||| 181 $ctxt$2rdacontent 182 $cc$2rdamedia 183 $acr$2rdacarrier 200 10$aText and genre in reconstruction$b[electronic resource] $eeffects of digitalization on ideas, behaviours, products and institutions /$fWillard McCarty 210 $aCambridge $cOpen Book Publishers$d2010 215 $a1 online resource (x,243 pages)$cillustrations; digital, PDF file(s) 225 1 $a[Digital humanities series$x2054-2429 ;$vvolume 1] 311 $a1-906924-25-2 320 $aIncludes bibliographical references and index. 327 $tNever say always again : reflections on the numbers game /$rJohn Burrows --$tTextual pathology /$rPeter Garrard --$tThe human presence in digital artefacts /$rAlan Galey --$tDefining electronic editions : a historical and functional perspective /$tEdward Vanhoutte --$tElectronic editions for everyone /$rPeter Robinson --$tHow literary works exist : implied, represented, and interpreted /$rPeter Shillingsburg --$tText as algorithm and as process /$rPaul Eggert --$t"I read the news today, oh boy!" : newspaper publishing in the online world /$rMarilyn Deegan and Kathryn Sutherland. 330 $a"In this broad-reaching, multi-disciplinary collection, leading scholars investigate how the digital medium has altered the way we read and write text. In doing so, it challenges the very notion of scholarship as it has traditionally been imagined. Incorporating scientific, socio-historical, materialist and theoretical approaches, this rich body of work explores topics ranging from how computers have affected our relationship to language, whether the book has become an obsolete object, the nature of online journalism, and the psychology of authorship. The essays offer a significant contribution to the growing debate on how digitization is shaping our collective identity, for better or worse. Text and Genre in Reconstruction will appeal to scholars in both the humanities and sciences and provides essential reading for anyone interested in the changing relationship between reader and text in the digital age."--Publisher's website. 410 0$aDigital humanities series ;$vvolume 1.$x2054-2429. 606 $aArchival materials$xDigitization 606 $aDigital preservation 610 $anewspapers 610 $ainformation technology 610 $aonline journalism 610 $adigital text 610 $acybertext 610 $aelectronic editions 610 $alinguistics 610 $acomputers 610 $adigitization 610 $apublishing 610 $aidentity 610 $aHypertext 610 $aWilliam Shakespeare 615 0$aArchival materials$xDigitization. 615 0$aDigital preservation. 676 $a303.4833 700 $aMcCarty$b Willard$0801187 702 $aMcCarty$b Willard$4oth 801 0$bMiAaPQ 801 1$bMiAaPQ 801 2$bMiAaPQ 906 $aBOOK 912 $a996214903903316 996 $aText and genre in reconstruction$92054258 997 $aUNISA LEADER 01849nas 2200613-a 450 001 996230250003316 005 20240114213020.0 011 $a2226-7220 035 $a(DE-599)ZDB2733893-9 035 $a(OCoLC)830993268 035 $a(CKB)2670000000334987 035 $a(CONSER)--2014243178 035 $a(EXLCZ)992670000000334987 100 $a20130219a20129999 --- - 101 0 $aeng 135 $aur||||||||||| 181 $ctxt$2rdacontent 182 $cc$2rdamedia 183 $acr$2rdacarrier 200 00$aAfrican journal of disability 210 $aDurbanville $cAOSIS OpenJournals 215 $a1 online resource 300 $aRefereed/Peer-reviewed 311 $a2223-9170 517 1 $aAJOD 531 $aAFR J DISABIL 531 0 $aAfr. j. disabil. 606 $aPeople with disabilities$zAfrica$vPeriodicals 606 $aPeople with disabilities$2fast$3(OCoLC)fst01057245 606 $aDiscapacitats$2thub 606 $aDisabled Persons 606 $aRehabilitation 607 $aAfrica$2fast$1https://id.oclc.org/worldcat/entity/E39PBJkHrMyfHC67yqRTycbrv3 607 $aAfrica 607 $aÀfrica$2thub 607 $aAfrica 608 $aPeriodicals.$2fast 608 $aFulltext. 608 $aInternet Resources. 608 $aPeriodicals. 608 $aPeriodical. 610 $aDisabilities 615 0$aPeople with disabilities 615 7$aPeople with disabilities. 615 07$aDiscapacitats. 615 12$aDisabled Persons. 615 22$aRehabilitation. 712 02$aCentre for Rehabilitation Studies. 712 02$aCenter for Disability and Rehabilitation Studies. 712 02$aAfrican Network for Evidence-to-Action in Disability. 906 $aJOURNAL 912 $a996230250003316 996 $aAfrican journal of disability$92141539 997 $aUNISA